Word learning magic book-3 (Record no. 350)
[ view plain ]
| 000 -LEADER | |
|---|---|
| fixed length control field | 00669nam a22002417a 4500 |
| 008 - FIXED-LENGTH DATA ELEMENTS--GENERAL INFORMATION | |
| fixed length control field | 130512b xxu||||| |||| 00| 0 eng d |
| 024 ## - OTHER STANDARD IDENTIFIER | |
| Terms of availability | Available |
| 037 ## - SOURCE OF ACQUISITION | |
| Terms of availability | Available |
| 040 ## - CATALOGING SOURCE | |
| Original cataloging agency | MBSTU LIBRARY |
| Modifying agency | MBSTU LIBRARY |
| 082 ## - DEWEY DECIMAL CLASSIFICATION NUMBER | |
| Edition number | 22 |
| Classification number | 428 HUW |
| 100 ## - MAIN ENTRY--PERSONAL NAME | |
| Personal name | Hussain, S.M Zakir. |
| 245 ## - TITLE STATEMENT | |
| Title | Word learning magic book-3 |
| 250 ## - EDITION STATEMENT | |
| Edition statement | 4th |
| 260 ## - PUBLICATION, DISTRIBUTION, ETC. (IMPRINT) | |
| Place of publication, distribution, etc. | Dhaka |
| Name of publisher, distributor, etc. | Rohel Publication. |
| Date of publication, distribution, etc. | 2003 |
| 300 ## - PHYSICAL DESCRIPTION | |
| Extent | 18 cm. |
| Other physical details | 296 page. |
| Type of unit | 6 |
| Size of unit | 18 cm. |
| 600 ## - SUBJECT ADDED ENTRY--PERSONAL NAME | |
| Personal name | Standard english |
| 650 ## - SUBJECT ADDED ENTRY--TOPICAL TERM | |
| Source of heading or term | Standard english |
| 700 ## - ADDED ENTRY--PERSONAL NAME | |
| Personal name | Hussain, S.M Zakir. |
| 270 ## - ADDRESS | |
| Address | Dhaka |
| City | Dhaka |
| Country | Bangladesh |
| 365 ## - TRADE PRICE | |
| Price amount | 100.00 |
| Unit of pricing | 100.00 |
| 942 ## - ADDED ENTRY ELEMENTS (KOHA) | |
| Source of classification or shelving scheme | |
| Koha item type | Books |
No items available.
